000 00483nam a2200169Ia 4500
008 210210b2006 xxu||||| |||| 00| 0 eng d
020 _a81 261 2660 4
041 _aeng
082 _a070.19 SHAE
100 _aSHAMSI (N Afaque).
245 _aElectronic media.
260 _aNew Delhi.
_bAnmol Publications Pvt. Ltd.
_c2006
300 _axii,357
650 _aElectronic media telecasting broadcasting television radio films cinema
690 _aJournalism
906 _aSG04897
999 _c115887
_d115887